Mismatched Television Sitcoms Quiz Stats

 Plays Quiz Updated Apr 18, 2018

Challenge
Share
Tweet
Score 0/30 Timer 05:00
2 Plays Today
% Correct
The Beverly Theory
98%
The Fresh Prince House
97.5%
How I Met Mindy
97.3%
I Love Raymond
96.8%
Arrested and Recreation
96.8%
Malcolm by Step
96%
Laverne & Grace
95.7%
I Dream of Earl
95.3%
Saved by Jim
95.2%
Modern Island
95%
Growing Days
94.8%
Boy Meets Beaver
94.8%
Everybody Hates the Sun
94.4%
It's Always Sunny Single
94.3%
Sex Matters
94%
% Correct
The Wonder Men
93.6%
Curb Your City
93.5%
Fawlty Strokes
93.3%
Mike & Engagement
93%
Family Show
92.8%
Home Girls
92.5%
Anger Valley
92.3%
Hogan's Man Standing
92.2%
The King of Family
91.8%
Perfect Rock
91.8%
Mad About Kotter
90.8%
Good with Children
90.4%
Murphy and Son
89.2%
Night World
86%
Still Shoot Me
86%

You're not logged in!

Compare scores with friends on all Sporcle quizzes.
Join for Free
OR
Log In

You Might Also Like...

Show Comments

Extras

Top Quizzes Today


Score Distribution

Your Account Isn't Verified!

In order to create a playlist on Sporcle, you need to verify the email address you used during registration. Go to your Sporcle Settings to finish the process.

Report this User

Report this user for behavior that violates our Community Guidelines.

Details: